000 00426nam a22001457a 4500
008 140925b xxu||||| |||| 00| 0 eng d
020 _a9780797494091
050 _aBX2180.2.N337
100 _aNcube, Petronella Sr.
_911666
245 _aTransformed and Radiant
_cSr. Petronella Ncube
260 _aPlumtree
_bIlizwe Publications
_c2014
300 _a104p. ;
_c23cm.
650 _aMeditations
_911667
942 _2lcc
_cMONOGRAPH
999 _c120962
_d120962